[Event "18th EUR-ch (w)"]
[Site "Riga LAT"]
[Date "2017.04.14"]
[Round "4.21"]
[White "Melia, Salome"]
[Black "Fuchs, Judith"]
[Result "1/2-1/2"]
[WhiteElo "2400"]
[BlackElo "2274"]
[EventDate "2017.04.11"]
[PlyCount "143"]

1.e4 c5 2.Nf3 d6 3.d4 Nf6 4.Nc3 cxd4 5.Nxd4 g6 6.Be3 a6 7.f3 b5 8.Qd2 Bb7 
9.a4 e5 10.Nb3 b4 11.Nd5 Nxd5 12.exd5 Nd7 13.O-O-O Rb8 14.f4 Qc7 15.Qxb4 
Bg7 16.Qa5 Qc8 17.Qc3 Qxc3 18.bxc3 O-O 19.Na5 exf4 20.Ba7 Bxc3 21.Bxb8 
Rxb8 22.Nxb7 Rxb7 23.Bxa6 Rb4 24.Bb5 Nc5 25.Rdf1 Nxa4 26.Bxa4 Rxa4 27.Kd1 
Rd4+ 28.Ke2 Rxd5 29.Rxf4 Rd2+ 30.Kf3 d5 31.Re1 Kg7 32.Re2 Rd1 33.Ra4 Bd4 
34.g3 h5 35.h4 Rf1+ 36.Kg2 Rg1+ 37.Kh2 Rd1 38.Ra3 Bg1+ 39.Kg2 d4 40.Rf3 
Be3 41.Rf1 Rxf1 42.Kxf1 Kf6 43.Kg2 Kf5 44.Kf3 Bc1 45.Re4 Bb2 46.Re7 Kf6 
47.Rb7 Bc3 48.Ke4 Ke6 49.Rb6+ Ke7 50.Rc6 Bb2 51.Rc5 Ba1 52.Re5+ Kf6 53.Re8
Bb2 54.Kd5 Bc3 55.Re4 Bb2 56.Rxd4 Bxd4 57.Kxd4 Ke6 58.c4 f6 59.Kc5 g5 60.
Kb6 Kd7 61.c5 gxh4 62.gxh4 Kc8 63.Kc6 f5 64.Kd5 Kc7 65.Ke5 Kc6 66.Kxf5 
Kxc5 67.Kg5 Kd6 68.Kxh5 Ke7 69.Kg6 Kf8 70.h5 Kg8 71.h6 Kh8 72.h7 1/2-1/2

[Event "18th EUR-ch (w)"]
[Site "Riga LAT"]
[Date "2017.04.14"]
[Round "4.29"]
[White "Golubenko, Valentina"]
[Black "Cramling, Pia"]
[Result "0-1"]
[WhiteElo "2271"]
[BlackElo "2452"]
[EventDate "2017.04.11"]
[PlyCount "180"]

1.d4 Nf6 2.c4 e6 3.Nf3 d5 4.g3 dxc4 5.Bg2 Bd7 6.Ne5 Bc6 7.Nxc6 Nxc6 8.Qa4 
Qd7 9.Qxc4 Nxd4 10.O-O c5 11.Nc3 Rd8 12.a4 Nd5 13.Nb5 Nb6 14.Qd3 Be7 15.
Nxd4 cxd4 16.Qe4 O-O 17.Qxb7 Qxb7 18.Bxb7 Rb8 19.Ba6 Nd5 20.Bc4 Rfc8 21.
Ba6 Rc5 22.Bb5 Rb6 23.Rd1 a6 24.Bd3 Nb4 25.a5 Rb8 26.Be4 f5 27.Bb1 Bf6 28.
Bd2 Nc2 29.Ra2 d3 30.exd3 Bxb2 31.Bxc2 Rxc2 32.Bf4 Rbc8 33.d4 Re2 34.d5 
exd5 35.Rxd5 Rcc2 36.Rd8+ Kf7 37.Rd7+ Ke8 38.Rc7 Rxc7 39.Bxc7 Kd7 40.Kf1 
Rc2 41.Bf4 Kc6 42.Kg2 Kd5 43.Be3 Kc4 44.Ra4+ Kb5 45.Rh4 Kxa5 46.Rxh7 Kb4 
47.Rh4+ Kb3 48.Bb6 Rc6 49.Ba5 Rc5 50.Bb4 Rb5 51.Bf8 a5 52.g4 fxg4 53.Rxg4 
a4 54.Rg3+ Kc2 55.Rg6 Rb8 56.Rc6+ Kb3 57.Bd6 Rb5 58.h4 a3 59.Bxa3 Kxa3 60.
Kg3 Be5+ 61.f4 Rb3+ 62.Kg4 Rb4 63.Kf5 Bxf4 64.Kg6 Bh6 65.h5 Rb5 66.Rc3+ 
Kb4 67.Rh3 Kc4 68.Rg3 Kd4 69.Rg1 Ke4 70.Rg4+ Ke3 71.Rg1 Kf3 72.Rf1+ Kg2 
73.Ra1 Rg5+ 74.Kf7 Rxh5 75.Ra2+ Kf3 76.Ra3+ Ke4 77.Ra4+ Kd3 78.Ra3+ Kc4 
79.Ra4+ Kb5 80.Ra1 Rf5+ 81.Kg6 Rg5+ 82.Kf7 Rg2 83.Rb1+ Kc4 84.Rb8 Be3 85.
Rg8 g5 86.Ke6 Kd3 87.Kf5 Ke2 88.Ke4 Rg4+ 89.Ke5 Ra4 90.Kf5 Kf3 0-1

[Event "18th EUR-ch (w)"]
[Site "Riga LAT"]
[Date "2017.04.14"]
[Round "4.30"]
[White "Zaksaite, Salomeja"]
[Black "Skripchenko, Almira"]
[Result "1/2-1/2"]
[WhiteElo "2262"]
[BlackElo "2420"]
[EventDate "2017.04.11"]
[PlyCount "76"]

1.e4 c5 2.Nf3 Nc6 3.d4 cxd4 4.Nxd4 e5 5.Nb5 d6 6.N1c3 a6 7.Na3 Be7 8.Nc4 
b5 9.Ne3 Nf6 10.Bd3 O-O 11.O-O Rb8 12.a4 Nb4 13.axb5 Nxd3 14.Qxd3 axb5 15.
Bd2 Be6 16.Ncd5 Nxd5 17.Nxd5 Bxd5 18.Qxd5 Qc7 19.Rfc1 Qc4 20.Ra7 Bd8 21.
Rd7 Bb6 22.Qxc4 bxc4 23.Rxd6 f5 24.exf5 Rxf5 25.Be3 Bxe3 26.fxe3 Rxb2 27.
Rc6 Rb4 28.Rf1 Rxf1+ 29.Kxf1 Kf7 30.Ke2 Ke7 31.Rc7+ Kf6 32.Kd2 Ra4 33.Kc3 
Ra3+ 34.Kd2 Ra4 35.e4 h5 36.h4 Ra1 37.Ke2 Rh1 38.Rxc4 Rxh4 1/2-1/2

[Event "18th EUR-ch (w)"]
[Site "Riga LAT"]
[Date "2017.04.14"]
[Round "4.33"]
[White "Houska, Jovanka"]
[Black "Abdulla, Khayala"]
[Result "0-1"]
[WhiteElo "2397"]
[BlackElo "2241"]
[EventDate "2017.04.11"]
[PlyCount "128"]

1.d4 Nf6 2.Nf3 e6 3.c4 d5 4.Nc3 Bb4 5.cxd5 Nxd5 6.Bd2 O-O 7.e4 Nxc3 8.bxc3
Be7 9.Bc4 c5 10.O-O Nc6 11.Be3 b6 12.Qe2 Bb7 13.Rfd1 cxd4 14.cxd4 Na5 15.
Bd3 Rc8 16.h3 Nc6 17.a3 Na5 18.Rdb1 Bd6 19.Bd2 Nc6 20.Ba6 Bxa6 21.Qxa6 Be7
22.Be3 Bf6 23.Ra2 Qd7 24.Qb5 Rfd8 25.Rc2 Qb7 26.Rbc1 a6 27.Qh5 Na5 28.Rxc8
Rxc8 29.Rxc8+ Qxc8 30.d5 Nc4 31.Bg5 Bb2 32.Bf4 g6 33.Qh4 exd5 34.exd5 Qd7 
35.Qg5 Bxa3 36.h4 Be7 37.Qh6 Qxd5 38.Bc7 b5 39.h5 Qxh5 40.Qf4 Qd5 41.Ne5 
Nxe5 42.Bxe5 b4 43.g4 b3 44.Bb2 f6 45.Bxf6 Qd1+ 46.Kh2 Bxf6 47.Qxf6 Qxg4 
48.Qxa6 Qf4+ 49.Kg2 Qg4+ 50.Kh2 Qh5+ 51.Kg3 Qe5+ 52.f4 Qc3+ 53.Kg4 b2 54.
Qa8+ Kf7 55.Qd5+ Ke7 56.Qe4+ Kd6 57.Kg5 Qc5+ 58.Kh6 Qc1 59.Qe5+ Kc6 60.
Qe6+ Kc5 61.Qe5+ Kc4 62.Qe4+ Kc3 63.Qf3+ Kd4 64.Qf2+ Ke4 0-1

[Event "18th EUR-ch (w)"]
[Site "Riga LAT"]
[Date "2017.04.14"]
[Round "4.44"]
[White "Buksa, Natalia"]
[Black "Makka, Ioulia"]
[Result "1-0"]
[WhiteElo "2314"]
[BlackElo "2069"]
[EventDate "2017.04.11"]
[PlyCount "109"]

1.e4 c6 2.d4 d5 3.e5 Bf5 4.h4 h5 5.Bd3 Bxd3 6.Qxd3 e6 7.Bg5 Be7 8.Nf3 Nh6 
9.Nbd2 Nf5 10.b3 Nd7 11.c4 Qa5 12.O-O O-O 13.Bxe7 Nxe7 14.Ng5 Nf5 15.Ndf3 
Rfd8 16.Qe2 dxc4 17.bxc4 Nf8 18.Rfd1 Rd7 19.Rd2 Rad8 20.Rad1 Qb4 21.Ne4 
Qe7 22.g3 b6 23.Kg2 f6 24.Rd3 Qf7 25.Nc3 Qg6 26.Qe4 Qg4 27.Qxc6 Nxd4 28.
Rxd4 Rxd4 29.Nxd4 fxe5 30.f3 Qg6 31.Nde2 Rxd1 32.Nxd1 Qc2 33.Nc3 Qd2 34.
Kf2 Qb2 35.Qc7 Qb4 36.Ne4 Nh7 37.Ng5 Nxg5 38.hxg5 Kh7 39.Qc6 Qb2 40.Qxe6 
Qxa2 41.Qf7 Qa5 42.Qxh5+ Kg8 43.Qe8+ Kh7 44.Qc6 Qb4 45.Qe4+ g6 46.Qb7+ Kg8
47.Qb8+ Kf7 48.Qxa7+ Kf8 49.Qc7 Qa5 50.c5 Qxc5+ 51.Qxc5+ bxc5 52.Ke3 Ke7 
53.Ke4 Ke6 54.f4 exf4 55.gxf4 1-0

[Event "18th EUR-ch (w)"]
[Site "Riga LAT"]
[Date "2017.04.14"]
[Round "4.51"]
[White "Hapala, Elisabeth"]
[Black "Worek, Joanna"]
[Result "1-0"]
[WhiteElo "2091"]
[BlackElo "2330"]
[EventDate "2017.04.11"]
[PlyCount "103"]

1.e4 c5 2.Nf3 d6 3.d4 cxd4 4.Nxd4 Nf6 5.Nc3 a6 6.Be3 e5 7.Nb3 Be6 8.f3 Be7
9.Qd2 O-O 10.O-O-O a5 11.a4 Na6 12.g4 Nb4 13.Kb1 Rc8 14.g5 Nh5 15.Rg1 Kh8 
16.Bb5 Qc7 17.Qf2 Nf4 18.Bb6 Qb8 19.Qd2 d5 20.exd5 Nfxd5 21.Nxd5 Bxd5 22.
Bxa5 Bxf3 23.Bxb4 Rfd8 24.Bxe7 Rxd2 25.Rxd2 e4 26.Bd6 Qa7 27.Bc5 Qb8 28.
Bd6 Qa7 29.Bc5 Qb8 30.Be3 Qe5 31.Nd4 Bh5 32.Rf1 Bg6 33.Rfd1 Rf8 34.Nb3 Rg8
35.Rd8 h6 36.gxh6 Qxh2 37.hxg7+ Kh7 38.R8d2 Qh3 39.Bf4 Kxg7 40.Be5+ f6 41.
Rd7+ Kh6 42.Bf4+ Kh5 43.Be2+ Kh4 44.R7d2 e3 45.Rd4 Re8 46.Be5+ Kg5 47.Rg1+
Kh6 48.Bg4 fxe5 49.Bxh3 exd4 50.Nxd4 e2 51.Re1 Re4 52.Nxe2 1-0

[Event "18th EUR-ch (w)"]
[Site "Riga LAT"]
[Date "2017.04.14"]
[Round "4.61"]
[White "Erneste, Inguna"]
[Black "Maklakova, Nellija"]
[Result "1/2-1/2"]
[WhiteElo "2168"]
[BlackElo "1829"]
[EventDate "2017.04.11"]
[PlyCount "80"]

1.e4 c5 2.Nf3 e6 3.d4 cxd4 4.Nxd4 Nf6 5.Nc3 Bb4 6.Bd3 Nc6 7.Ne2 O-O 8.O-O 
d5 9.exd5 Nxd5 10.Nxd5 Qxd5 11.Nf4 Qa5 12.c3 Be7 13.Qc2 h6 14.Be4 Bd7 15.
g3 Rac8 16.Be3 Bf6 17.Rad1 Rfd8 18.Qb1 Be8 19.a3 Qc7 20.Qc1 Na5 21.Nh5 Be7
22.Rxd8 Rxd8 23.Rd1 Nc4 24.Rxd8 Bxd8 25.Nf4 b6 26.Qc2 Nxe3 27.fxe3 Qc5 28.
Qd3 Be7 29.b4 Qe5 30.Qd4 Qc7 31.Qd3 b5 32.Ne2 h5 33.Nd4 a6 34.Bg2 h4 35.
Ne2 hxg3 36.hxg3 Bg5 37.Kf2 a5 38.Nd4 Qd8 39.Qe4 axb4 40.axb4 Bf6 1/2-1/2

[Event "18th EUR-ch (w)"]
[Site "Riga LAT"]
[Date "2017.04.14"]
[Round "4.62"]
[White "Nikolajeva, Marija"]
[Black "Petrenko, Svetlana"]
[Result "0-1"]
[WhiteElo "1673"]
[BlackElo "2136"]
[EventDate "2017.04.11"]
[PlyCount "124"]

1.d4 f5 2.c4 Nf6 3.Nc3 e6 4.Nf3 d5 5.e3 Be7 6.Bd3 O-O 7.O-O c6 8.b3 Ne4 9.
Bxe4 fxe4 10.Ne5 Nd7 11.f4 Nxe5 12.fxe5 Rxf1+ 13.Qxf1 Bd7 14.Bd2 Qe8 15.
Qe2 Qg6 16.Rf1 h5 17.Nd1 c5 18.Nf2 Rf8 19.Nh3 Rxf1+ 20.Qxf1 a6 21.Nf4 Qf7 
22.Qd1 g6 23.Bc1 Bc6 24.Ba3 b6 25.Qe2 cxd4 26.Bxe7 d3 27.Qd1 Qxe7 28.cxd5 
exd5 29.Nxg6 Qc5 30.Qe1 Be8 31.Nf4 Qc7 32.Nxd5 Qxe5 33.Nxb6 Bf7 34.Qc1 Qa5
35.Na4 d2 36.Qc2 h4 37.Nc3 Qxc3 38.Qxc3 d1=Q+ 39.Kf2 Qd6 40.Qc8+ Kh7 41.
Qc2 Bg6 42.Kg1 a5 43.Qe2 Qd3 44.Qe1 Bh5 45.g3 hxg3 46.hxg3 Bf3 47.Qc1 Qd6 
48.Kf2 Kg6 49.Qc3 Qd5 50.a3 a4 51.Qb4 axb3 52.Qb6+ Kg5 53.Qb4 Kg4 54.Qc3 
Qf7 55.Qc8+ Kg5 56.Qd8+ Kg6 57.Qd6+ Qf6 58.Qd2 Bd1+ 59.Ke1 Bc2 60.g4 Bd3 
61.Qg2 Qa1+ 62.Kf2 Qb2+ 0-1

[Event "18th EUR-ch (w)"]
[Site "Riga LAT"]
[Date "2017.04.14"]
[Round "4.63"]
[White "Ozbay, Ece"]
[Black "Olde, Margareth"]
[Result "1/2-1/2"]
[WhiteElo "2035"]
[BlackElo "2110"]
[EventDate "2017.04.11"]
[PlyCount "131"]

1.e4 d6 2.d4 Nf6 3.Nc3 e5 4.dxe5 dxe5 5.Qxd8+ Kxd8 6.Bc4 Ke8 7.Nf3 Bd6 8.
Bg5 Nbd7 9.O-O-O a6 10.a4 h6 11.Bh4 Nb6 12.Bb3 Be6 13.Nd5 Nfxd5 14.exd5 
Bg4 15.Rhe1 f6 16.Rd3 g5 17.Bg3 Nd7 18.Nd2 Nc5 19.Rc3 Bd7 20.a5 Kd8 21.Nc4
Bb5 22.Ba2 Na4 23.Rf3 Ke7 24.Nxd6 cxd6 25.c4 Bd7 26.b3 Bg4 27.Rfe3 Nc5 28.
b4 Nd7 29.f3 Bh5 30.Bf2 Rhc8 31.Rc3 Rc7 32.Kb2 Bf7 33.Rec1 Rac8 34.c5 f5 
35.Bb3 Be8 36.Ba4 e4 37.fxe4 f4 38.cxd6+ Kxd6 39.Bc5+ Nxc5 40.bxc5+ Ke5 
41.Bb3 Kxe4 42.Re1+ Kd4 43.Rc4+ Kxd5 44.Rce4+ Kxc5 45.Re5+ Kc6 46.Rc1+ Kd7
47.Rd1+ Kc6 48.Ba4+ b5 49.axb6+ Kxb6 50.Rxe8 Rc2+ 51.Bxc2 Rxe8 52.Rd2 Kc5 
53.Bd1 Re3 54.Bf3 Re6 55.Re2 Rxe2+ 56.Bxe2 Kd4 57.Bxa6 Ke3 58.Bb7 g4 59.
Kc2 f3 60.gxf3 gxf3 61.Kd1 Kf2 62.Kd2 Kg2 63.h4 Kg3 64.h5 Kg4 65.Ke3 Kxh5 
66.Bxf3+ 1/2-1/2

[Event "18th EUR-ch (w)"]
[Site "Riga LAT"]
[Date "2017.04.14"]
[Round "4.64"]
[White "Baptista, Ana Filipa"]
[Black "Golsta, Madara"]
[Result "1/2-1/2"]
[WhiteElo "2071"]
[BlackElo "1619"]
[EventDate "2017.04.11"]
[PlyCount "78"]

1.e4 c5 2.Nf3 g6 3.c3 Bg7 4.d4 cxd4 5.cxd4 d5 6.e5 Nh6 7.Bb5+ Bd7 8.Bxd7+ 
Qxd7 9.O-O O-O 10.Bg5 Nc6 11.h3 f6 12.Bf4 Nf7 13.Re1 fxe5 14.dxe5 e6 15.
Qd2 Rad8 16.Nc3 a6 17.Rad1 Qc7 18.Nd4 Nxd4 19.Qxd4 Nh6 20.g4 Nf7 21.Na4 
Rde8 22.Nb6 Nd8 23.Bg3 Rf3 24.Na4 Nc6 25.Qb6 Qxb6 26.Nxb6 Bf8 27.Nd7 Be7 
28.Kg2 Rf7 29.Nb6 Bb4 30.Re2 Ba5 31.Na4 Bb4 32.a3 Bf8 33.b4 b5 34.Nb2 a5 
35.Nd3 axb4 36.axb4 Nxb4 37.Nxb4 Bxb4 38.Rb2 Bc3 39.Rxb5 g5 1/2-1/2

[Event "18th EUR-ch (w)"]
[Site "Riga LAT"]
[Date "2017.04.14"]
[Round "4.65"]
[White "Sibajeva, Marija"]
[Black "Sinitsina, Anastassia"]
[Result "0-1"]
[WhiteElo "2011"]
[BlackElo "2052"]
[EventDate "2017.04.11"]
[PlyCount "134"]

1.e4 c5 2.Nf3 d6 3.d4 cxd4 4.Qxd4 e5 5.Qd3 h6 6.c4 Nf6 7.Nc3 Nbd7 8.h3 b6 
9.Be3 Bb7 10.Be2 Be7 11.Qc2 O-O 12.g4 Nc5 13.Nd2 Nfd7 14.Nf1 Bg5 15.Rd1 
Bxe3 16.Nxe3 Nf6 17.f3 Ne8 18.Nb5 g6 19.Qd2 Bxe4 20.b4 Nd3+ 21.Bxd3 Bxf3 
22.O-O Bxd1 23.Rxd1 a6 24.Nc3 Qg5 25.Ned5 Qh4 26.Qg2 Rb8 27.Ne4 Kh8 28.Qg3
Qd8 29.Qe3 Kg7 30.Ng3 Nf6 31.Nxf6 Qxf6 32.Qe4 Qg5 33.Kh2 Rbd8 34.Qf3 Qe7 
35.Qe3 Qc7 36.Rf1 a5 37.b5 d5 38.cxd5 Rxd5 39.Qf3 Rd6 40.Ne4 Re6 41.Ng3 
Qd8 42.Qe4 Qg5 43.Rf2 Rd6 44.Kg2 Rd4 45.Qe2 Rf4 46.Nf5+ Kf6 47.Nd6 Kg7 48.
Nf5+ Kh7 49.Qxe5 Rxf2+ 50.Kxf2 gxf5 51.gxf5 Qd2+ 52.Be2 Rd8 53.Qe3 Qxe3+ 
54.Kxe3 Kg7 55.Bc4 Kf6 56.Bb3 Re8+ 57.Kd4 Re5 58.Bxf7 Rxb5 59.Be6 Rb4+ 60.
Kd5 Rh4 61.Kc6 Rxh3 62.Kxb6 Ra3 63.Kc5 h5 64.Kd4 h4 65.Ke4 h3 66.Kf4 h2 
67.Bd5 Rxa2 0-1

[Event "18th EUR-ch (w)"]
[Site "Riga LAT"]
[Date "2017.04.14"]
[Round "4.66"]
[White "Grapsa, Georgia"]
[Black "Golsta, Ramona"]
[Result "1-0"]
[WhiteElo "2049"]
[BlackElo "1560"]
[EventDate "2017.04.11"]
[PlyCount "71"]

1.d4 f5 2.g3 Nf6 3.Bg2 e6 4.c4 c6 5.Nc3 Be7 6.Nh3 O-O 7.O-O d6 8.e4 fxe4 
9.Nxe4 e5 10.Nhg5 Nxe4 11.Nxe4 d5 12.cxd5 cxd5 13.Nc3 e4 14.Qb3 Nc6 15.
Qxd5+ Kh8 16.Qxd8 Rxd8 17.d5 Nb4 18.Bxe4 Bd6 19.Be3 b6 20.a3 Na6 21.b4 Bb7
22.Nb5 Be5 23.Rad1 Nc7 24.Nxc7 Bxc7 25.f3 Bd6 26.Rc1 Rac8 27.Kf2 Kg8 28.
Bf5 Rxc1 29.Be6+ Kf8 30.Rxc1 Be5 31.Bg5 Re8 32.Bf4 Bxf4 33.gxf4 Rd8 34.Ke3
Rd6 35.Kd4 h6 36.Rc7 1-0

[Event "18th EUR-ch (w)"]
[Site "Riga LAT"]
[Date "2017.04.14"]
[Round "4.67"]
[White "Zvereva, Margarita"]
[Black "Otikova, Elina"]
[Result "1/2-1/2"]
[WhiteElo "1771"]
[BlackElo "2049"]
[EventDate "2017.04.11"]
[PlyCount "82"]

1.e4 e5 2.Nf3 Nc6 3.Bc4 Bc5 4.c3 Nf6 5.d3 a6 6.a4 d6 7.Bg5 Ba7 8.Nbd2 Qe7 
9.a5 Nd8 10.O-O h6 11.Bh4 g5 12.Bg3 Ne6 13.Bxe6 Bxe6 14.d4 Nh5 15.Qa4+ Bd7
16.Qb4 Nxg3 17.hxg3 O-O 18.dxe5 Bc5 19.Qb3 dxe5 20.Qc2 Bb5 21.c4 Bc6 22.
Nb1 Qe6 23.b3 f6 24.Nc3 Qg4 25.Kh2 h5 26.Nd5 Rf7 27.b4 Ba7 28.Rad1 h4 29.
gxh4 Bxd5 30.Rxd5 gxh4 31.Qe2 Rg7 32.Rg1 Qf4+ 33.Kh1 c6 34.Rd2 Rg4 35.c5 
Qxe4 36.Qxe4 Rxe4 37.Rb1 Rf8 38.Rd7 Rf7 39.Rd8+ Rf8 40.Rd7 Rf7 41.Rd8+ Rf8
1/2-1/2

[Event "18th EUR-ch (w)"]
[Site "Riga LAT"]
[Date "2017.04.14"]
[Round "4.68"]
[White "Norlamo, Sarabella"]
[Black "Narva, Mai"]
[Result "0-1"]
[WhiteElo "1619"]
[BlackElo "2249"]
[EventDate "2017.04.11"]
[PlyCount "40"]

1.Nf3 Nf6 2.b3 d5 3.Bb2 c5 4.e3 Bg4 5.Be2 Nc6 6.h3 Bxf3 7.Bxf3 e5 8.c4 e4 
9.Be2 d4 10.exd4 cxd4 11.a3 d3 12.Bg4 h5 13.Bf5 Nd4 14.Bxd4 Qxd4 15.Nc3 g6
16.Nb5 Qe5 17.O-O gxf5 18.f4 Qc5+ 19.Kh1 a6 20.b4 Qxc4 0-1

[Event "18th EUR-ch (w)"]
[Site "Riga LAT"]
[Date "2017.04.14"]
[Round "4.69"]
[White "Atte, Rebeka"]
[Black "Krumina, Linda"]
[Result "0-1"]
[WhiteElo "1498"]
[BlackElo "2090"]
[EventDate "2017.04.11"]
[PlyCount "72"]

1.c4 Nf6 2.Nf3 c5 3.Nc3 Nc6 4.d4 cxd4 5.Nxd4 g6 6.e4 d6 7.Be2 Bg7 8.Be3 
O-O 9.O-O Bd7 10.Nb3 Ne5 11.h3 Be6 12.Nd2 Nc6 13.f4 Bd7 14.Rc1 Ne8 15.a3 
Nd4 16.Bg4 f5 17.exf5 Nxf5 18.Bf2 b6 19.Bf3 Rc8 20.Nde4 Kh8 21.b3 e5 22.
fxe5 Bxe5 23.Nd5 Nc7 24.Nec3 Ne6 25.Ne2 Ng5 26.Bg4 Ne4 27.Bxf5 Nxf2 28.
Rxf2 Rxf5 29.Nef4 Qg5 30.Qd2 Rcf8 31.Rcf1 Qg3 32.Rf3 Qh4 33.Qf2 Qxf2+ 34.
R1xf2 Bd4 35.Kh2 Bxf2 36.Rxf2 g5 0-1

[Event "18th EUR-ch (w)"]
[Site "Riga LAT"]
[Date "2017.04.14"]
[Round "4.70"]
[White "Ni Mhuireagain, Eibhia"]
[Black "Harlinska, Sandra"]
[Result "0-1"]
[WhiteElo "1496"]
[BlackElo "1881"]
[EventDate "2017.04.11"]
[PlyCount "60"]

1.e4 g6 2.Nf3 Bg7 3.d4 d6 4.c3 Nf6 5.Nbd2 O-O 6.Bc4 a6 7.O-O b5 8.Bb3 c5 
9.Re1 c4 10.Bc2 Nc6 11.b3 cxb3 12.axb3 Nd7 13.Nf1 Bb7 14.Ng3 Rc8 15.Bd2 b4
16.Rc1 bxc3 17.Bxc3 Qb6 18.e5 Ncxe5 19.Nxe5 Nxe5 20.dxe5 Rxc3 21.exd6 exd6
22.Ne4 Rc6 23.Qd3 d5 24.Nd2 Rc3 25.Qe2 Qc6 26.Nb1 Rc5 27.Qd2 Rc8 28.Na3 
Bb2 29.b4 Bxc1 30.Rxc1 Rc3 0-1

[Event "18th EUR-ch (w)"]
[Site "Riga LAT"]
[Date "2017.04.14"]
[Round "4.71"]
[White "Ivanova, Katrina Telma"]
[Black "Vainovska, Valentina"]
[Result "0-1"]
[WhiteElo "1340"]
[BlackElo "1792"]
[EventDate "2017.04.11"]
[PlyCount "72"]

1.e4 c5 2.Nf3 e6 3.d4 cxd4 4.Nxd4 a6 5.Bd3 Bc5 6.Nb3 Ba7 7.Qe2 Nc6 8.Be3 
Bb8 9.O-O Nf6 10.N1d2 O-O 11.f4 d6 12.a3 Bd7 13.c4 b6 14.Nd4 Qc7 15.b4 e5 
16.Nxc6 Bxc6 17.f5 Ba7 18.Kh1 Qb7 19.Bg5 Kh8 20.Bxf6 gxf6 21.Rae1 Rg8 22.
Rf3 Rg7 23.h4 Rag8 24.Rh3 h6 25.Rh2 Kh7 26.Nb1 Rg3 27.Nc3 b5 28.cxb5 axb5 
29.Qd2 Qb6 30.Ne2 Qf2 31.Rg1 Re3 32.Qc2 Rxe2 33.Qd1 Rd2 34.Qf1 Qxg1+ 35.
Qxg1 Bxg1 36.Kxg1 Rxd3 0-1

[Event "18th EUR-ch (w)"]
[Site "Riga LAT"]
[Date "2017.04.14"]
[Round "4.72"]
[White "Mieze, Natalja"]
[Black "Ristoja, Aulikki"]
[Result "0-1"]
[WhiteElo "1223"]
[BlackElo "1716"]
[EventDate "2017.04.11"]
[PlyCount "96"]

1.c4 c5 2.Nc3 Nc6 3.e3 e5 4.a4 d6 5.Bd3 g6 6.Be4 f5 7.Bd5 Nf6 8.Nge2 Bg7 
9.O-O Nxd5 10.Nxd5 Be6 11.f4 Bxd5 12.cxd5 Nb4 13.d4 e4 14.Bd2 Nd3 15.Bc3 
b6 16.dxc5 Bxc3 17.Nxc3 bxc5 18.a5 Nxb2 19.Qc2 Nd3 20.Nb5 O-O 21.a6 Qb6 
22.Rfb1 Nb4 23.Qe2 Rab8 24.Na3 Qc7 25.Nc4 Nxd5 26.Rxb8 Rxb8 27.Qe1 Nb4 28.
Qe2 Qc6 29.g4 Qb5 30.gxf5 d5 31.Qg2 Qxc4 32.fxg6 Qc3 33.Rf1 hxg6 34.Qg3 
Rf8 35.Qh3 Qg7 36.Qe6+ Qf7 37.Qh3 Nxa6 38.Rf2 Qf5 39.Qf1 Nb4 40.Rg2 Nd3 
41.Rg5 Qxg5+ 42.fxg5 Rxf1+ 43.Kxf1 a5 44.h4 a4 45.Kg2 a3 46.Kh3 a2 47.h5 
a1=Q 48.hxg6 Nf2+ 0-1

[Event "18th EUR-ch (w)"]
[Site "Riga LAT"]
[Date "2017.04.15"]
[Round "5.1"]
[White "Atalik, Ekaterina"]
[Black "Muzychuk, Maria"]
[Result "1/2-1/2"]
[WhiteElo "2429"]
[BlackElo "2546"]
[EventDate "2017.04.11"]
[PlyCount "48"]

1.d4 d5 2.c4 c6 3.Nf3 Nf6 4.Nc3 e6 5.e3 Nbd7 6.Qc2 Bd6 7.Bd3 O-O 8.O-O e5 
9.cxd5 cxd5 10.Nb5 Bb8 11.dxe5 Nxe5 12.Nxe5 Bxe5 13.Bd2 a6 14.Nd4 Re8 15.
Nf3 Bd6 16.Bc3 Ne4 17.h3 Bd7 18.Rfd1 Rc8 19.Rac1 Qb6 20.Bxe4 dxe4 21.Qd2 
exf3 22.Qxd6 Qxd6 23.Rxd6 Bc6 24.g4 Rcd8 1/2-1/2

[Event "18th EUR-ch (w)"]
[Site "Riga LAT"]
[Date "2017.04.15"]
[Round "5.2"]
[White "Zimina, Olga"]
[Black "Dzagnidze, Nana"]
[Result "1/2-1/2"]
[WhiteElo "2395"]
[BlackElo "2528"]
[EventDate "2017.04.11"]
[PlyCount "98"]

1.Nf3 c5 2.c4 Nc6 3.Nc3 g6 4.e3 Nf6 5.d4 cxd4 6.exd4 d5 7.cxd5 Nxd5 8.Qb3 
e6 9.Bb5 Bg7 10.O-O O-O 11.Bxc6 bxc6 12.Ne4 Qb6 13.Be3 Rb8 14.Nc5 Nxe3 15.
fxe3 e5 16.Nxe5 Bxe5 17.dxe5 Bf5 18.Qxb6 axb6 19.Rxf5 bxc5 20.Rf2 Rfe8 21.
Rc1 Rxe5 22.Rc3 c4 23.Rfc2 Ra5 24.a3 Rab5 25.Rxc4 Rxb2 26.Rxc6 Rxc2 27.
Rxc2 Rb3 28.Ra2 Rxe3 29.a4 Re6 30.a5 Ra6 31.Kf2 Kf8 32.Ke3 Ke7 33.Kd4 Kd6 
34.Kc4 Kc7 35.Kb5 Rf6 36.a6 Rf5+ 37.Kc4 Kb8 38.a7+ Ka8 39.Kd4 Rh5 40.h3 
Rf5 41.Ke4 h5 42.g3 h4 43.g4 Rf1 44.Ra3 f5+ 45.gxf5 Rxf5 46.Ra6 Rg5 47.Ra3
Rg1 48.Kf4 g5+ 49.Kf5 Rg3 1/2-1/2

[Event "18th EUR-ch (w)"]
[Site "Riga LAT"]
[Date "2017.04.15"]
[Round "5.3"]
[White "Mamedyarova, Zeinab"]
[Black "Goriachkina, Alexandra"]
[Result "0-1"]
[WhiteElo "2322"]
[BlackElo "2452"]
[EventDate "2017.04.11"]
[PlyCount "146"]

1.d4 d5 2.e3 Nf6 3.Nd2 g6 4.b3 Bg7 5.Bb2 O-O 6.Ngf3 a5 7.a3 Bg4 8.h3 Bxf3 
9.Qxf3 c5 10.Bd3 cxd4 11.exd4 Nc6 12.O-O Ne8 13.Qe3 Qb6 14.Nf3 a4 15.b4 
Nd6 16.Rad1 e6 17.Qe2 Rac8 18.c3 Na7 19.Ne5 Rfd8 20.Ra1 Nab5 21.Rfc1 Rc7 
22.h4 Rdc8 23.Qd2 f6 24.Ng4 Nc4 25.Bxc4 Rxc4 26.Ne3 R4c7 27.Nd1 Nd6 28.Qe1
Kf7 29.g3 Qb5 30.Rc2 Qd7 31.Re2 Nb5 32.Qd2 Kg8 33.Kg2 Rd8 34.f3 Rdc8 35.
Qe3 Kf7 36.Qd2 Nd6 37.Qe1 Bh6 38.Nf2 Nc4 39.Bc1 Bg7 40.Nd3 b6 41.Bf4 Ra7 
42.Qc1 Raa8 43.Raa2 Re8 44.Re1 e5 45.dxe5 fxe5 46.Bh6 Qf5 47.Nf2 Rf8 48.
Bxg7 Kxg7 49.Qd1 Rad8 50.Qd3 b5 51.Qxf5 gxf5 52.Nd3 Rfe8 53.Nb2 h5 54.Kf2 
Kf6 55.Nxc4 dxc4 56.Rae2 Rd3 57.Rc2 e4 58.fxe4 fxe4 59.Re3 Rxe3 60.Kxe3 
Ke5 61.Rd2 Rf8 62.Rd7 Rf3+ 63.Ke2 Rxc3 64.Rh7 Rxg3 65.Rxh5+ Kd4 66.Rxb5 
Rxa3 67.h5 Ra2+ 68.Kd1 c3 69.h6 Rh2 70.Rb6 c2+ 71.Kc1 Kc3 72.Rc6+ Kb3 73.
b5 e3 0-1

[Event "18th EUR-ch (w)"]
[Site "Riga LAT"]
[Date "2017.04.15"]
[Round "5.4"]
[White "Muzychuk, Anna"]
[Black "Pustovoitova, Daria"]
[Result "1/2-1/2"]
[WhiteElo "2587"]
[BlackElo "2411"]
[EventDate "2017.04.11"]
[PlyCount "103"]

1.e4 c5 2.Nf3 d6 3.Bb5+ Nd7 4.O-O a6 5.Bxd7+ Bxd7 6.c3 Bg4 7.d4 cxd4 8.
cxd4 Nf6 9.Nc3 e6 10.d5 e5 11.h3 Bh5 12.Qd3 Bxf3 13.Qxf3 Be7 14.Qg3 O-O 
15.Bh6 Ne8 16.Rac1 Kh8 17.Be3 Nf6 18.Rc2 Qd7 19.Rfc1 Rfc8 20.f3 Bd8 21.Qf2
Ng8 22.Bb6 Ne7 23.b3 Kg8 24.a4 Bxb6 25.Qxb6 Qc7 26.a5 Qxb6+ 27.axb6 Kf8 
28.Na4 Rxc2 29.Rxc2 Rc8 30.Rc4 Ke8 31.Kf2 Kd7 32.Nb2 f5 33.g3 fxe4 34.fxe4
Ng8 35.Ke3 Nf6 36.Kf3 Rxc4 37.Nxc4 g6 38.g4 h6 39.h4 Nh7 40.Ne3 Nf6 41.g5 
hxg5 42.hxg5 Nh7 43.Kg4 Ke7 44.Nc4 Kd7 45.b4 Nf8 46.Kh4 Nh7 47.Kg4 Nf8 48.
Kg3 Nh7 49.Kh4 Nf8 50.Kg4 Nh7 51.Ne3 Ke7 52.Nc4 1/2-1/2

[Event "18th EUR-ch (w)"]
[Site "Riga LAT"]
[Date "2017.04.15"]
[Round "5.5"]
[White "Lagno, Kateryna"]
[Black "Charochkina, Daria"]
[Result "1-0"]
[WhiteElo "2543"]
[BlackElo "2381"]
[EventDate "2017.04.11"]
[PlyCount "95"]

1.e4 c6 2.Nc3 d5 3.Nf3 Nf6 4.e5 Ne4 5.Ne2 Qb6 6.d4 e6 7.Nfg1 f6 8.f3 Ng5 
9.exf6 gxf6 10.f4 Nf7 11.Nf3 Be7 12.c3 Nd7 13.Ng3 Nf8 14.f5 e5 15.Be2 Bd7 
16.O-O O-O-O 17.Qb3 Rg8 18.Qxb6 axb6 19.a4 Be8 20.Be3 Nd7 21.b4 Nd6 22.Nd2
Bf7 23.Nh5 Ne4 24.Nxe4 dxe4 25.a5 b5 26.a6 b6 27.dxe5 Nxe5 28.Bxb6 Rd2 29.
Ng3 Nc4 30.Bxc4 Bxc4 31.Rf2 Rxf2 32.Kxf2 Bd5 33.Re1 Re8 34.Bd4 Bd8 35.Nh5 
Rf8 36.g4 Kb8 37.h3 Rf7 38.Ng3 Re7 39.Bxf6 Bb6+ 40.Bd4 Bc7 41.f6 Re8 42.
Nxe4 Bf4 43.Nc5 Bg3+ 44.Kxg3 Rxe1 45.a7+ Ka8 46.Na6 Kb7 47.Nc7 Ra1 48.Nxd5
1-0

[Event "18th EUR-ch (w)"]
[Site "Riga LAT"]
[Date "2017.04.15"]
[Round "5.6"]
[White "Nechaeva, Marina"]
[Black "Girya, Olga"]
[Result "1/2-1/2"]
[WhiteElo "2395"]
[BlackElo "2470"]
[EventDate "2017.04.11"]
[PlyCount "171"]

1.d4 d5 2.c4 c6 3.Nf3 Nf6 4.e3 Bf5 5.Nc3 a6 6.Bd3 Bxd3 7.Qxd3 e6 8.O-O Bb4
9.Bd2 O-O 10.a3 Bxc3 11.bxc3 Qc7 12.c5 Nbd7 13.c4 e5 14.Nxe5 Nxe5 15.dxe5 
Qxe5 16.cxd5 Nxd5 17.Rab1 Rad8 18.Rxb7 Nf6 19.Qe2 Ne4 20.Bb4 Ra8 21.Rc1 a5
22.Be1 Nxc5 23.Rb6 Qc7 24.Rbb1 Ne6 25.Qc4 Rfc8 26.a4 h6 27.h3 Qa7 28.Rb3 
Rc7 29.Rcb1 Qc5 30.Qe4 Rd8 31.Rc3 Qd5 32.Qc2 f5 33.Rc4 f4 34.e4 Qg5 35.f3 
Nd4 36.Qf2 Rcd7 37.h4 Qh5 38.Bc3 c5 39.Bxa5 Ra8 40.Be1 Qf7 41.Rxc5 Rxa4 
42.Rc8+ Kh7 43.Rbb8 Qh5 44.Qb2 Ra6 45.Rh8+ Kg6 46.Rb6+ Rxb6 47.Qxb6+ Kf7 
48.Qb8 Kg6 49.Qe8+ Rf7 50.Rf8 Nxf3+ 51.Kh1 Ne5 52.Qe6+ Kh7 53.Rxf7 Nxf7 
54.Bf2 Ne5 55.Qd5 f3 56.gxf3 Qxf3+ 57.Kg1 Qg4+ 58.Kf1 Qh3+ 59.Ke2 Qf3+ 60.
Kf1 Qf4 61.Ke2 h5 62.Kf1 Kh6 63.Ke2 Qg4+ 64.Kf1 Qh3+ 65.Ke2 Qf3+ 66.Kf1 
Qh3+ 67.Ke2 Qg4+ 68.Kf1 Nf3 69.Qf5 Nd2+ 70.Ke1 Qxe4+ 71.Qxe4 Nxe4 72.Be3+ 
Kg6 73.Ke2 Kf5 74.Kf3 Nd6 75.Bd4 g6 76.Bb2 Nc4 77.Bc3 Nb6 78.Bd4 Nd5 79.
Bb2 Nf4 80.Bd4 Nd3 81.Bc3 Ke6 82.Ke4 Nc5+ 83.Kf4 Kd5 84.Kg5 Ne4+ 85.Kxg6 
Nxc3 86.Kxh5 1/2-1/2